000 00567cam a2200193 4500500
005 20260329005841.0
041 _afre
042 _adc
100 1 0 _aKlein, Étienne
_eauthor
245 0 0 _aComment se changer les idées ?
260 _c2025.
500 _a82
690 _achangement
690 _aDivertissement
690 _aÉvasion
690 _aidées
786 0 _nPhilosophie magazine | 190 | 6 | 2025-06-01 | p. 26-26 | 1951-1787
856 4 1 _uhttps://shs.cairn.info/magazine-philosophie-magazine-2025-6-page-26?lang=fr&redirect-ssocas=7080
999 _c1847255
_d1847255